Exceptions to right to acquire freehold (Record no. 69964)
[ view plain ]
| 000 -LEADER | |
|---|---|
| fixed length control field | 01332cam a2200217 4500 |
| 001 - CONTROL NUMBER | |
| control field | WB3813-17 |
| 008 - FIXED-LENGTH DATA ELEMENTS--GENERAL INFORMATION | |
| fixed length control field | 020411n2002 000 0 eng u |
| 035 ## - SYSTEM CONTROL NUMBER | |
| System control number | (Sirsi) u117439 |
| 245 ## - TITLE STATEMENT | |
| Title | Exceptions to right to acquire freehold |
| 260 ## - PUBLICATION, DISTRIBUTION, ETC. | |
| Date of publication, distribution, etc. | 2002 |
| 490 ## - SERIES STATEMENT | |
| Series statement | Estates Gazette |
| Volume/sequential designation | [2002]14 EG 123 (CS) (6/4/02) |
| 520 ## - SUMMARY, ETC. | |
| Summary, etc. | "Skinns v Greenwood" CA 12 March 2002. Appellant tenant (S) held a 90-year lease which provided on death that her executors or the landlord could terminate the tenancy by giving not less than one month's notice. The tenant sought to acquire the freehold under Leasehold Reform Act 1967s1(1) and s1AA. The respondent landlord (G) disputed this right as the lease was not a long tenancy and fell within the exception in s3(1)(b)of the1967 Act that a notice period of not more than three months applied to the lease being terminated after the tenant's death. Although the original judge held that S was entitled to acquire the freehold, his decision was overturned on appeal. CA dismissed S's appeal. |
| 590 ## - LOCAL NOTE (RLIN) | |
| Local note | WB |
| 650 ## - SUBJECT ADDED ENTRY--TOPICAL TERM | |
| Topical term or geographic name entry element | LEASEHOLD REFORM ACT 1967 S3(1B) |
| 650 ## - SUBJECT ADDED ENTRY--TOPICAL TERM | |
| Topical term or geographic name entry element | LEASEHOLD REFORM ACT 1967 S1(1) |
| 650 ## - SUBJECT ADDED ENTRY--TOPICAL TERM | |
| Topical term or geographic name entry element | LEASEHOLD REFORM ACT 1967 S1AA |
| 650 ## - SUBJECT ADDED ENTRY--TOPICAL TERM | |
| Topical term or geographic name entry element | LONG TENANCIES |
| 650 ## - SUBJECT ADDED ENTRY--TOPICAL TERM | |
| Topical term or geographic name entry element | SKINNS V GREENWOOD |
| 690 ## - LOCAL SUBJECT ADDED ENTRY--TOPICAL TERM (OCLC, RLIN) | |
| Topical term or geographic name as entry element | LANDLORD AND TENANT-RESIDENTIAL TENANCIES-CASE LAW |
| 942 ## - ADDED ENTRY ELEMENTS (KOHA) | |
| Suppress in OPAC | 0 |
| Withdrawn status | Lost status | Source of classification or shelving scheme | Damaged status | Not for loan | Home library | Current library | Shelving location | Date acquired | Total Checkouts | Barcode | Date last seen | Copy number | Price effective from | Koha item type |
|---|---|---|---|---|---|---|---|---|---|---|---|---|---|---|
| Dewey Decimal Classification | London | London | News article | 11/04/2002 | 117439-1001 | 06/08/2019 | 1 | 06/08/2019 | Law report |